000 00674nam a2200217 i 4500
001 28021
003 ES-MaACL
005 20250806085400.0
007 t|
008 030116s1965 sp ||||1| spa d
100 1 _aBailey, Hamilton.
_924693
245 1 0 _aCompendio de cirugía /
_cpor Hamilton Bailey y Mc Neill Love...; versión... Enrique Vendrell Torné.
250 _a1ª ed.
260 _aBarcelona :
_bEspaxs,
_c1965.
300 _a2 v. :
_bil. ;
_c25 cm.
650 0 7 _aCirugía
_2embne
_911050
700 1 _aLove, Mc Neill.
_974349
700 1 _aVendrell Torné, Enrique.
_9113879
852 _aES-MaACL
_jC-27927
_bR.57112
999 _c28021
_d28021